[Event "4NCL/Div2/SCS-GWD"]
[Site "Rd10-Birmingham"]
[Date "2000.04.30"]
[Round "10.7"]
[White "Habibi, Amir"]
[Black "Blackburn, Jonathan"]
[Result "0-1"]
[WhiteElo "1704"]
[BlackElo "1981"]
[PlyCount "56"]
[EventDate "2000.04.30"]

1. e4 e6 2. d4 d5 3. Nc3 Bb4 4. e5 c5 5. a3 Ba5 6. b4 cxd4 7. Nb5 Bc7 8. f4 Bd7
9. Qg4 g6 10. Nxd4 Nc6 11. Ngf3 Nh6 12. Qg3 Nf5 13. Nxf5 exf5 14. Bb2 Be6 15.
Bb5 Bb6 16. Nd4 Rc8 17. Nxc6 bxc6 18. Ba6 Rb8 19. Qd3 O-O 20. Bd4 Bc8 21. Bxc8
Rxc8 22. Qe3 Bxd4 23. Qxd4 c5 24. Qf2 Qe7 25. O-O cxb4 26. axb4 Qxb4 27. Rxa7
Qb2 28. Qd2 Rxc2 0-1

[Event "4NCL/Div2/SCS-GWD"]
[Site "Rd10-Birmingham"]
[Date "2000.04.30"]
[Round "10.8"]
[White "Adams, Mark"]
[Black "Partington, Anna"]
[Result "1-0"]
[WhiteElo "2034"]
[BlackElo "1496"]
[PlyCount "139"]
[EventDate "2000.04.30"]

1. e4 d5 2. exd5 Nf6 3. c4 e6 4. dxe6 Bxe6 5. Nf3 Qe7 6. Qe2 Nc6 7. d4 O-O-O 8.
d5 Qb4+ 9. Nc3 Bf5 10. dxc6 Bc5 11. cxb7+ Kxb7 12. Be3 Rhe8 13. Rd1 Rc8 14. Qd2
Qb6 15. Nd5 Nxd5 16. Qxd5+ c6 17. Qxf5 Bxe3 18. Be2 Bxf2+ 19. Kf1 Rc7 20. Rd3
g6 21. Qf6 Ka8 22. Rd8+ Rxd8 23. Qxd8+ Kb7 24. Qd3 Ka8 25. b4 Qe3 26. Qxe3 Bxe3
27. g3 Rb7 28. b5 c5 29. Kg2 a6 30. a4 axb5 31. axb5 Ra7 32. Rd1 Ra2 33. Kf1 f6
34. Rd6 Ra1+ 35. Ne1 Bd4 36. Ra6+ Rxa6 37. bxa6 Ka7 38. Bf3 Kxa6 39. Nc2 Be5
40. Ke2 h5 41. Bd5 g5 42. Kf3 Kb6 43. h3 Ka5 44. g4 h4 45. Ke4 Ka4 46. Ne1 Kb3
47. Nf3 Bc3 48. Kf5 Kc2 49. Nxg5 fxg5 50. Kxg5 Kd3 51. Kxh4 Kd4 52. Kg5 Ke5 53.
h4 Bd2+ 54. Kg6 Kf4 55. h5 Kxg4 56. h6 Bc3 57. h7 Bd4 58. Kf7 Kh5 59. Kg8 Kh6
60. h8=Q+ Bxh8 61. Kxh8 Kg6 62. Kg8 Kf6 63. Kf8 Kf5 64. Kf7 Kf4 65. Kf6 Ke3 66.
Ke5 Kd3 67. Bf7 Kc3 68. Kd5 Kb4 69. Be6 Kc3 70. Kxc5 1-0

[Event "4NCL/Div2/WES-BIG2"]
[Site "Rd10-Birmingham"]
[Date "2000.04.30"]
[Round "10.1"]
[White "Rossiter, Philip"]
[Black "Taylor, Peter"]
[Result "1/2-1/2"]
[WhiteElo "2368"]
[BlackElo "2187"]
[PlyCount "119"]
[EventDate "2000.04.30"]

1. e4 c6 2. d4 d5 3. Nc3 dxe4 4. Nxe4 Bf5 5. Ng3 Bg6 6. Nf3 Nf6 7. Bc4 Nbd7 8.
O-O e6 9. Qe2 Be7 10. Rd1 O-O 11. Nh4 Nd5 12. Nxg6 hxg6 13. Ne4 b5 14. Bb3 a5
15. a4 b4 16. Rd3 Re8 17. h4 Bxh4 18. Nd6 Rf8 19. Rh3 Be7 20. Ne4 Re8 21. Be3
f5 22. Nd2 Bf6 23. Nf3 Kf7 24. Qd2 Rh8 25. Ng5+ Bxg5 26. Bxg5 N7f6 27. Rxh8
Qxh8 28. f3 Qb8 29. Re1 Qd6 30. c4 bxc3 31. bxc3 Rb8 32. Bxd5 Qxd5 33. Re5 Rb1+
34. Kh2 Qd6 35. Bf4 Qd8 36. Qa2 Ng4+ 37. Kg3 Nxe5 38. Qxb1 Nd7 39. Qb7 g5 40.
Bd6 Kg6 41. Qxc6 Nf6 42. Kf2 g4 43. Be5 gxf3 44. gxf3 Qd5 45. Qxd5 Nxd5 46. c4
Nb6 47. c5 Nxa4 48. Bc7 Kf7 49. Bxa5 Ke7 50. Ke3 g5 51. Kd3 Kd7 52. Kc2 Kc6 53.
Kb3 Nxc5+ 54. dxc5 Kxc5 55. Kc3 e5 56. Kd3 Kd5 57. Bd8 e4+ 58. fxe4+ fxe4+ 59.
Ke3 g4 60. Bc7 1/2-1/2

[Event "4NCL/Div2/WES-BIG2"]
[Site "Rd10-Birmingham"]
[Date "2000.04.30"]
[Round "10.2"]
[White "Naylor, John"]
[Black "Corkett, Anthony"]
[Result "1/2-1/2"]
[WhiteElo "2253"]
[BlackElo "2295"]
[PlyCount "63"]
[EventDate "2000.04.30"]

1. e4 c5 2. Nf3 Nc6 3. d4 cxd4 4. Nxd4 g6 5. c4 Bg7 6. Be3 Nf6 7. Nc3 O-O 8.
Be2 d6 9. O-O Bd7 10. Rc1 Nxd4 11. Bxd4 Bc6 12. Qd2 e5 13. Be3 Nxe4 14. Nxe4
Bxe4 15. Rfd1 a5 16. Qxd6 Qc8 17. c5 Bc6 18. h3 h5 19. Bc4 Qf5 20. Qd2 Bf6 21.
Qe2 Rfd8 22. Bb5 Qe4 23. Bxc6 Qxc6 24. Qc4 Kg7 25. a4 Be7 26. Qb5 Rac8 27. Qxa5
Rxd1+ 28. Rxd1 Bxc5 29. Rc1 b6 30. Qc3 Qf6 31. Rc2 Rc7 32. Bxc5 1/2-1/2

[Event "4NCL/Div2/WES-BIG2"]
[Site "Rd10-Birmingham"]
[Date "2000.04.30"]
[Round "10.3"]
[White "Neil, David"]
[Black "Barnes, Michael"]
[Result "0-1"]
[WhiteElo "2244"]
[BlackElo "2245"]
[PlyCount "76"]
[EventDate "2000.04.30"]

1. e4 c5 2. Nc3 Nc6 3. f4 g6 4. Nf3 Bg7 5. Bb5 Nd4 6. a4 a6 7. Bc4 e6 8. d3 b6
9. e5 d5 10. exd6 Qxd6 11. Ne4 Qc7 12. c3 Nxf3+ 13. Qxf3 Rb8 14. O-O Ne7 15.
Be3 O-O 16. Bf2 Bb7 17. Qe2 Kh8 18. Bb3 Qc6 19. Bh4 Nd5 20. Rf3 Rbe8 21. c4 f5
22. Ng5 Nf6 23. Be1 h6 24. Nh3 e5 25. Qf1 Ng4 26. Bc3 Qd6 27. Rg3 exf4 28. Qxf4
Bd4+ 29. Bxd4+ Qxd4+ 30. Qxd4+ cxd4 31. Nf4 Kh7 32. h3 g5 33. Nd5 Bxd5 34. cxd5
Ne5 35. h4 g4 36. Re1 Nf3+ 37. gxf3 Rxe1+ 38. Kf2 Rb1 0-1

[Event "4NCL/Div2/WES-BIG2"]
[Site "Rd10-Birmingham"]
[Date "2000.04.30"]
[Round "10.4"]
[White "Dighton, Simon"]
[Black "Upton, Ian"]
[Result "1/2-1/2"]
[WhiteElo "2230"]
[BlackElo "2238"]
[PlyCount "114"]
[EventDate "2000.04.30"]

1. e4 e6 2. d4 d5 3. Nd2 c5 4. exd5 Qxd5 5. Ngf3 cxd4 6. Bc4 Qd6 7. O-O Nf6 8.
Nb3 Nc6 9. Nbxd4 Nxd4 10. Qxd4 Qxd4 11. Nxd4 Bd7 12. Be2 O-O-O 13. Bf4 Nd5 14.
Bg3 Bc5 15. Rfd1 g5 16. Bf3 Nf4 17. Bxf4 gxf4 18. Ne2 Kc7 19. Nxf4 f5 20. Re1
Rhe8 21. Nd3 Bf8 22. Ne5 Bc8 23. Bh5 Re7 24. Rad1 Rxd1 25. Rxd1 Bg7 26. f4 b6
27. Kf2 Bb7 28. Bf3 Bc8 29. Ke3 a5 30. g3 Re8 31. Rd3 Bf8 32. Bc6 Bc5+ 33. Kf3
Re7 34. Kg2 Ba6 35. Rd2 Bd6 36. Bf3 Bb5 37. Be2 Be8 38. Bf3 Bb5 39. a3 Be8 40.
Nd3 Bb5 41. c4 Ba6 42. Rc2 Kd8 43. b4 Rc7 44. c5 Bxd3 45. Rd2 bxc5 46. Rxd3 Ke7
47. b5 c4 48. Rc3 e5 49. b6 Rc5 50. fxe5 Bxe5 51. b7 Kd7 52. Be2 Kc7 53. Rxc4
Rxc4 54. Bxc4 f4 55. Bd5 fxg3 56. hxg3 h6 57. a4 Kb8 1/2-1/2

[Event "4NCL/Div2/WES-BIG2"]
[Site "Rd10-Birmingham"]
[Date "2000.04.30"]
[Round "10.5"]
[White "Simons, Martin"]
[Black "Hadzimanolis, Antonios"]
[Result "1/2-1/2"]
[WhiteElo "2248"]
[BlackElo "2224"]
[PlyCount "87"]
[EventDate "2000.04.30"]

1. d4 Nf6 2. Nc3 d5 3. e4 Nxe4 4. Nxe4 dxe4 5. Bc4 Qd6 6. c3 Nd7 7. f3 Qg6 8.
Qe2 Nf6 9. Bf4 c6 10. O-O-O Bf5 11. fxe4 Bg4 12. Nf3 Qxe4 13. Bxf7+ Kxf7 14.
Ne5+ Ke6 15. Qxe4 Nxe4 16. Rde1 g5 17. Nxg4 gxf4 18. Rxe4+ Kd6 19. Ne5 Rg8 20.
Re2 Bg7 21. Nd3 Bh6 22. Kc2 b6 23. Rhe1 Bg5 24. Kb3 Raf8 25. Rf1 Rf5 26. Ref2
Bh6 27. Nxf4 Bxf4 28. Rxf4 Rb5+ 29. Kc2 Rxg2+ 30. R1f2 Rbg5 31. Kd3 Rg1 32. Rh4
h5 33. Re2 R1g4 34. Rxg4 Rxg4 35. Ke3 Rg1 36. Kf3 Rb1 37. a3 Rg1 38. Ke3 Rg4
39. Kf3 e6 40. Ke3 Rg5 41. Kf3 Kd5 42. Ke3 e5 43. Kd3 exd4 44. c4+ 1/2-1/2

[Event "4NCL/Div2/WES-BIG2"]
[Site "Rd10-Birmingham"]
[Date "2000.04.30"]
[Round "10.6"]
[White "Thomas, Nick"]
[Black "Yeo, Michael"]
[Result "0-1"]
[WhiteElo "2215"]
[BlackElo "2198"]
[PlyCount "68"]
[EventDate "2000.04.30"]

1. e4 e5 2. Nf3 Nc6 3. Bc4 Nf6 4. d4 exd4 5. O-O Bc5 6. e5 Ng4 7. Bf4 O-O 8. h3
Nh6 9. Bxh6 gxh6 10. c3 d5 11. Bb3 Bf5 12. Nxd4 Be4 13. Nxc6 bxc6 14. Nd2 Bd3
15. Re1 Qh4 16. Qf3 Bg6 17. Nf1 Rae8 18. Qg3 Qxg3 19. Nxg3 f6 20. e6 f5 21. Ba4
f4 22. Nf1 Be4 23. Bxc6 Rxe6 24. Rxe4 dxe4 25. Bd5 Rfe8 26. b4 Bb6 27. c4 c6
28. Bxe6+ Rxe6 29. c5 Bc7 30. Re1 Kf7 31. g3 e3 32. gxf4 Rg6+ 33. Kh1 exf2 34.
Re2 Rg1+ 0-1

[Event "4NCL/Div2/WES-BIG2"]
[Site "Rd10-Birmingham"]
[Date "2000.04.30"]
[Round "10.7"]
[White "Willmoth, Robert"]
[Black "Evans, Raymond"]
[Result "1-0"]
[WhiteElo "2215"]
[BlackElo "2176"]
[PlyCount "55"]
[EventDate "2000.04.30"]

1. e4 e5 2. Nc3 Nf6 3. g3 d5 4. exd5 Nxd5 5. Bg2 Nxc3 6. bxc3 Bd6 7. d3 O-O 8.
Nf3 Nd7 9. O-O h6 10. Re1 Re8 11. c4 Rb8 12. Bb2 b5 13. cxb5 Rxb5 14. Rb1 Bb7
15. d4 e4 16. Nd2 Qa8 17. c4 Ra5 18. Bc3 Ra3 19. Qc2 Bc6 20. d5 Ba4 21. Qb2 e3
22. fxe3 Bc5 23. Ne4 Rb8 24. Qd2 Rxb1 25. Rxb1 a5 26. Nxc5 Nxc5 27. Qd4 f6 28.
Bb2 1-0

[Event "4NCL/Div2/WIT-GU2"]
[Site "Rd10-Birmingham"]
[Date "2000.04.30"]
[Round "10.1"]
[White "Headlong, Tim"]
[Black "Thompson, Ian"]
[Result "0-1"]
[WhiteElo "2261"]
[BlackElo "2249"]
[PlyCount "152"]
[EventDate "2000.04.30"]

1. c4 b6 2. d4 e6 3. a3 Nf6 4. Nc3 Bb7 5. d5 exd5 6. cxd5 Bd6 7. g3 c6 8. Bg2
Qe7 9. Nf3 Nxd5 10. Nxd5 cxd5 11. O-O O-O 12. b4 Re8 13. Re1 Nc6 14. Bg5 Qe6
15. Qb3 a5 16. bxa5 bxa5 17. Be3 a4 18. Qa2 Be7 19. Red1 Ba6 20. Qxd5 Bxe2 21.
Qxe6 dxe6 22. Rdc1 Bb5 23. Bc5 Bf6 24. Rab1 Bd3 25. Rb6 Be4 26. Nd2 Bxg2 27.
Kxg2 Ne7 28. Ne4 Nd5 29. Rb7 Be7 30. Bxe7 Rxe7 31. Rxe7 Nxe7 32. Rc4 Nd5 33.
Nc3 Nxc3 34. Rxc3 g6 35. h4 Kg7 36. Rc4 Kf6 37. Kf3 Ke5 38. Ke3 h5 39. Rb4 Ra7
40. Rb5+ Kd6 41. Rb4 Kc5 42. Kf4 f6 43. Ke4 e5 44. f3 Ra6 45. f4 exf4 46. Kxf4
Kd5 47. Ke3 Ke5 48. Kf3 Ra5 49. Re4+ Kd6 50. Rb4 g5 51. hxg5 fxg5 52. Rb6+ Kd5
53. Rb4 Ke5 54. Re4+ Kf6 55. Rb4 g4+ 56. Kg2 Kf5 57. Rc4 Kg5 58. Rb4 h4 59.
gxh4+ Kxh4 60. Rb8 Rc5 61. Rh8+ Kg5 62. Rg8+ Kf4 63. Rf8+ Ke3 64. Kg3 Rc4 65.
Rd8 Rd4 66. Rc8 Kd3 67. Rc7 Rc4 68. Rb7 Kc2 69. Rb8 Rc3+ 70. Kxg4 Rxa3 71. Kf4
Rc3 72. Ra8 a3 73. Ke4 Kb2 74. Kd4 Rb3 75. Kc4 a2 76. Ra7 Rb8 0-1

[Event "4NCL/Div2/WIT-GU2"]
[Site "Rd10-Birmingham"]
[Date "2000.04.30"]
[Round "10.2"]
[White "Norman, Ken"]
[Black "Devereaux, Max"]
[Result "0-1"]
[WhiteElo "2180"]
[BlackElo "2239"]
[PlyCount "76"]
[EventDate "2000.04.30"]

1. Nf3 d5 2. c4 c6 3. d4 Nf6 4. Nc3 dxc4 5. a4 Bf5 6. e3 e6 7. Bxc4 Bb4 8. O-O
Nbd7 9. Qe2 Bg6 10. e4 Bxc3 11. bxc3 Nxe4 12. Ba3 Qc7 13. Rfc1 Nd6 14. Bxe6 O-O
15. Bxd7 Qxd7 16. Ne5 Qe6 17. Re1 Rfe8 18. Qf1 Ne4 19. Re3 Qd5 20. Nxg6 hxg6
21. Qe2 Re6 22. Qd3 b5 23. axb5 cxb5 24. Bb4 a6 25. h3 Rae8 26. Ra3 f5 27. Qc2
f4 28. Rd3 Ng5 29. Qa2 Qf5 30. c4 bxc4 31. Qxc4 Kh7 32. Ra5 Qf6 33. d5 Re2 34.
Bc3 Qf7 35. Rxa6 R2e4 36. Qa2 f3 37. gxf3 Nxf3+ 38. Kf1 Re1+ 0-1

[Event "4NCL/Div2/WIT-GU2"]
[Site "Rd10-Birmingham"]
[Date "2000.04.30"]
[Round "10.3"]
[White "Haydon, Richard"]
[Black "Anderton, Matthew"]
[Result "1/2-1/2"]
[WhiteElo "2176"]
[BlackElo "2216"]
[PlyCount "47"]
[EventDate "2000.04.30"]

1. Nf3 Nf6 2. c4 e6 3. g3 d5 4. d4 c5 5. cxd5 exd5 6. Bg2 Nc6 7. O-O cxd4 8.
Nxd4 Be7 9. Nc3 O-O 10. b3 Be6 11. Bb2 Qd7 12. Rc1 Bh3 13. Nxc6 bxc6 14. Na4
Bxg2 15. Kxg2 Ne4 16. Bd4 Rfe8 17. Qd3 Rac8 18. Nc5 Bxc5 19. Bxc5 Re6 20. b4
Rce8 21. Be3 Re5 22. Rh1 Nd6 23. Rc2 Nf5 24. Bc5 1/2-1/2

[Event "4NCL/Div2/WIT-GU2"]
[Site "Rd10-Birmingham"]
[Date "2000.04.30"]
[Round "10.4"]
[White "Sharp, Peter"]
[Black "Rose, Matthew"]
[Result "0-1"]
[WhiteElo "2114"]
[BlackElo "2153"]
[PlyCount "100"]
[EventDate "2000.04.30"]

1. d4 Nf6 2. c4 g6 3. Nc3 Bg7 4. e4 d6 5. Nf3 O-O 6. Be2 Na6 7. O-O e5 8. Re1
c6 9. Be3 Ng4 10. Bg5 f6 11. Bh4 Nh6 12. Qb3 g5 13. Bg3 g4 14. c5+ Kh8 15. Bxa6
gxf3 16. Bc4 exd4 17. Na4 b5 18. cxd6 bxa4 19. Qxf3 Bd7 20. Qa3 Ng4 21. Rad1
Ne5 22. Be2 Qb6 23. Kh1 Rab8 24. f4 Ng4 25. Bxg4 Bxg4 26. Rc1 Qxb2 27. Qd3 Bd7
28. e5 fxe5 29. fxe5 Qxa2 30. Qxd4 Qe6 31. Qxa4 Rb2 32. Qd4 Ra2 33. Rb1 Rc2 34.
Qd3 Rc5 35. Rb7 Rd5 36. Qb1 Rb5 37. Rxb5 cxb5 38. Qa1 Bc6 39. Kg1 Kg8 40. Qd4
Rf7 41. h3 a5 42. Qc5 Bd7 43. Re3 Rf8 44. Be1 Rc8 45. Qd4 b4 46. Bd2 Kh8 47.
Kh1 Rc2 48. Be1 Bc6 49. Qb6 h6 50. Rg3 Qxe5 0-1

[Event "4NCL/Div2/WIT-GU2"]
[Site "Rd10-Birmingham"]
[Date "2000.04.30"]
[Round "10.5"]
[White "Dickinson, Tim"]
[Black "Noyce, Robert"]
[Result "0-1"]
[WhiteElo "2176"]
[BlackElo "2177"]
[PlyCount "54"]
[EventDate "2000.04.30"]

1. e4 d5 2. exd5 Nf6 3. Nc3 Nxd5 4. Bc4 c6 5. Qf3 e6 6. Nge2 Nd7 7. a3 Ne5 8.
Qe4 Nxc4 9. Qxc4 Bd6 10. d3 O-O 11. h4 Be7 12. h5 Nb6 13. Qf4 Bd6 14. Qf3 f5
15. g4 e5 16. gxf5 Bxf5 17. Qg2 Bc5 18. Bg5 Bxf2+ 19. Kd2 Qd7 20. Qxf2 Bxd3 21.
Qh4 Be4+ 22. Ke1 Bxh1 23. Qxh1 Qg4 24. Qh4 Qf5 25. Kd2 h6 26. Be7 Rf7 27. Rg1
Qd7+ 0-1

[Event "4NCL/Div2/WIT-GU2"]
[Site "Rd10-Birmingham"]
[Date "2000.04.30"]
[Round "10.6"]
[White "Coates, Ken"]
[Black "Elliott, Sean"]
[Result "1/2-1/2"]
[WhiteElo "2064"]
[BlackElo "2000"]
[PlyCount "89"]
[EventDate "2000.04.30"]

1. e4 c5 2. c3 d5 3. exd5 Qxd5 4. d4 Nf6 5. Nf3 Bg4 6. Be2 e6 7. h3 Bh5 8. O-O
Nc6 9. Be3 cxd4 10. cxd4 Be7 11. Nc3 Qd6 12. Qd2 O-O 13. Rfd1 Rfd8 14. Rac1
Rac8 15. Bf4 Qb4 16. Be3 Qd6 17. a3 Nd5 18. Ne4 Qb8 19. Nc5 b6 20. Nd3 Bxf3 21.
Bxf3 Na5 22. Rxc8 Qxc8 23. Rc1 Qb8 24. Qc2 Nxe3 25. fxe3 Bg5 26. Kf2 Bh4+ 27.
Ke2 Bg3 28. Nb4 Qd6 29. Nc6 Nxc6 30. Qxc6 Qe7 31. Qb7 Qxb7 32. Bxb7 Kf8 33. Be4
Ke7 34. Rc4 g6 35. Kf3 Bd6 36. g4 f5 37. Bc2 Rf8 38. g5 Rd8 39. Bb3 Kd7 40. Rc1
Ke7 41. h4 e5 42. Rh1 e4+ 43. Kf2 Kf8 44. Rc1 Kg7 45. Be6 1/2-1/2

[Event "4NCL/Div2/WIT-GU2"]
[Site "Rd10-Birmingham"]
[Date "2000.04.30"]
[Round "10.7"]
[White "Wingfield, N."]
[Black "Singleton, Michael"]
[Result "1/2-1/2"]
[WhiteElo "1888"]
[BlackElo "2008"]
[PlyCount "119"]
[EventDate "2000.04.30"]

1. d4 Nf6 2. Nf3 g6 3. Bg5 Ne4 4. Bf4 Bg7 5. Nbd2 d5 6. e3 c5 7. c3 Nd7 8. Nxe4
dxe4 9. Ng5 cxd4 10. exd4 Nf6 11. Bb5+ Bd7 12. Qa4 O-O 13. Bxd7 Nxd7 14. Nxe4
e5 15. dxe5 Nxe5 16. O-O Nd3 17. Bg5 Qb6 18. Qc2 Ne5 19. Rad1 f5 20. Nd6 Bf6
21. Bxf6 Rxf6 22. Qb3+ Qxb3 23. axb3 b6 24. Nb5 f4 25. Nc7 Raf8 26. Nd5 R6f7
27. f3 g5 28. Rfe1 Ng6 29. c4 Kg7 30. Kf2 h6 31. Re4 Rd7 32. Rde1 Rfd8 33. Re8
Kf7 34. R8e6 Rd6 35. R6e4 b5 36. R1e2 R8d7 37. Rc2 a5 38. Nc3 Rd2+ 39. Re2 Rxc2
40. Rxc2 bxc4 41. bxc4 Ne5 42. Ne4 Rd3 43. Ke2 Re3+ 44. Kd2 g4 45. Nf2 gxf3 46.
g3 Re2+ 47. Kd1 fxg3 48. hxg3 Rxc2 49. Kxc2 Nxc4 50. Kc3 Ne5 51. b4 a4 52. b5
a3 53. Kb3 Ke6 54. Kxa3 Kd5 55. Kb3 Kd4 56. b6 h5 57. g4 hxg4 58. Nxg4 Nc4 59.
Kc2 Nxb6 60. Kd2 1/2-1/2

[Event "4NCL/Div2/WIT-GU2"]
[Site "Rd10-Birmingham"]
[Date "2000.04.30"]
[Round "10.8"]
[White "Norman, Dinah"]
[Black "Smith, Lucy"]
[Result "1/2-1/2"]
[WhiteElo "2053"]
[BlackElo "1680"]
[PlyCount "34"]
[EventDate "2000.04.30"]

1. d4 d5 2. Nf3 e6 3. Bg5 Be7 4. Bxe7 Qxe7 5. c3 Nf6 6. e3 c6 7. a4 O-O 8. Nbd2
Nbd7 9. Ne5 Nxe5 10. dxe5 Nd7 11. Nf3 f6 12. exf6 Qxf6 13. Be2 Ne5 14. O-O Bd7
15. Qc2 Rfd8 16. Nxe5 Qxe5 17. Bd3 g6 1/2-1/2

[Event "4NCL/Div2/SL2-SWD"]
[Site "Rd11-Birmingham"]
[Date "2000.05.01"]
[Round "11.1"]
[White "Houska, Jovanka"]
[Black "Cobb, James"]
[Result "1/2-1/2"]
[WhiteElo "2282"]
[BlackElo "2369"]
[PlyCount "91"]
[EventDate "2000.05.01"]

1. e4 e6 2. d4 d5 3. e5 c5 4. c3 Nc6 5. Nf3 Bd7 6. Be2 Nge7 7. O-O Ng6 8. Be3
Be7 9. a3 O-O 10. b4 cxd4 11. cxd4 f6 12. exf6 Bxf6 13. Nc3 Nh4 14. Nxh4 Bxh4
15. Na4 b6 16. Nc3 Ne7 17. g3 Bf6 18. f4 Nf5 19. Bf2 Nd6 20. Qd3 Rc8 21. Bf3
Qe8 22. Rfe1 Qg6 23. Qd2 Rc7 24. Kh1 Rfc8 25. Rac1 Nc4 26. Qe2 Nxa3 27. Bh5 Qh6
28. Bg4 Bd8 29. f5 exf5 30. Bxf5 Bg5 31. Bxd7 Rxd7 32. Ra1 Nc4 33. Qg4 Rcd8 34.
Re6 Bf6 35. Rae1 Qg6 36. Qe2 h6 37. Nxd5 Rxd5 38. Qxc4 Kh7 39. Qc7 Qf5 40. Kg1
R8d7 41. Qc8 Rxd4 42. Bxd4 Bxd4+ 43. Kg2 Qf2+ 44. Kh3 Qf5+ 45. Kg2 Qf2+ 46. Kh3
1/2-1/2

[Event "4NCL/Div2/SL2-SWD"]
[Site "Rd11-Birmingham"]
[Date "2000.05.01"]
[Round "11.2"]
[White "James, David J"]
[Black "Buckley, Graeme"]
[Result "0-1"]
[WhiteElo "2238"]
[BlackElo "2355"]
[PlyCount "70"]
[EventDate "2000.05.01"]

1. d4 Nf6 2. c4 g6 3. Nc3 Bg7 4. e4 d6 5. f3 O-O 6. Bg5 h6 7. Bf4 a6 8. a4 Nc6
9. d5 e5 10. Be3 Nd4 11. Nge2 c5 12. dxc6 bxc6 13. Nxd4 exd4 14. Bxd4 Rb8 15.
Qd2 Qa5 16. Nd1 Qxd2+ 17. Kxd2 Nxe4+ 18. fxe4 Bxd4 19. Rb1 a5 20. Bd3 f5 21.
exf5 Bxf5 22. Rf1 Bxd3 23. Rxf8+ Rxf8 24. Kxd3 Be5 25. h3 Rf1 26. Ke2 Rg1 27.
Kf3 Bd4 28. b3 Re1 29. h4 h5 30. g4 Kf7 31. gxh5 gxh5 32. Rc1 Kf6 33. Rb1 Kf5
34. Rc1 Re4 35. Kg3 Rg4+ 0-1

[Event "4NCL/Div2/SL2-SWD"]
[Site "Rd11-Birmingham"]
[Date "2000.05.01"]
[Round "11.3"]
[White "Richmond, Robert"]
[Black "Zeidler, Sven"]
[Result "0-1"]
[WhiteElo "2238"]
[BlackElo "2235"]
[PlyCount "92"]
[EventDate "2000.05.01"]

1. d4 f5 2. c4 Nf6 3. Nc3 g6 4. g3 Bg7 5. Bg2 d6 6. Nf3 O-O 7. O-O c6 8. a3 h6
9. Qc2 Nh5 10. e4 f4 11. e5 Bf5 12. Qe2 dxe5 13. d5 Bg4 14. h3 Bxf3 15. Bxf3
fxg3 16. Bxh5 gxf2+ 17. Rxf2 Rxf2 18. Qxf2 gxh5 19. Be3 cxd5 20. cxd5 Nd7 21.
Rf1 Nf6 22. Bxa7 Qd7 23. Kh2 Kh8 24. Rg1 Rg8 25. Be3 Nxd5 26. Nxd5 Qxd5 27. Qd2
Rd8 28. Rg2 e4 29. Bxh6 Qxd2 30. Bxd2 Bxb2 31. Bb4 Be5+ 32. Kg1 Bd6 33. Rg5 Rg8
34. Bc3+ Kh7 35. Rxg8 Kxg8 36. a4 Kf7 37. Kf2 Ke6 38. Ke3 Kd5 39. Be1 e5 40.
Bh4 Bc5+ 41. Ke2 Kc4 42. a5 Kb5 43. Bd8 Bb4 44. Ke3 Bxa5 45. Bf6 Bc3 46. Kxe4
Kc4 0-1

[Event "4NCL/Div2/SL2-SWD"]
[Site "Rd11-Birmingham"]
[Date "2000.05.01"]
[Round "11.4"]
[White "Richmond, Peter"]
[Black "Armstrong, Malcolm"]
[Result "1-0"]
[WhiteElo "2202"]
[BlackElo "2146"]
[PlyCount "51"]
[EventDate "2000.05.01"]

1. e4 c6 2. Ne2 e5 3. d4 d6 4. f4 Nf6 5. Ng3 Qc7 6. Be2 Be7 7. c3 Nbd7 8. O-O
a6 9. Be3 b5 10. Nd2 Bb7 11. Rc1 c5 12. Bg4 Nxg4 13. Qxg4 g6 14. fxe5 dxe5 15.
Qe2 h5 16. Qf2 Rh7 17. d5 c4 18. Nf3 f6 19. Rcd1 Bc5 20. Bxc5 Qxc5 21. Nh4 Rg7
22. Qxc5 Nxc5 23. Rxf6 Bc8 24. Rdf1 Nd7 25. Rxg6 Rh7 26. Rg8+ 1-0

[Event "4NCL/Div2/SL2-SWD"]
[Site "Rd11-Birmingham"]
[Date "2000.05.01"]
[Round "11.6"]
[White "Saunders, John"]
[Black "De Coverly, Roger"]
[Result "1-0"]
[WhiteElo "2200"]
[BlackElo "2096"]
[PlyCount "119"]
[EventDate "2000.05.01"]

1. e4 e5 2. Nf3 Nc6 3. Bc4 Be7 4. d4 d6 5. O-O Nf6 6. dxe5 dxe5 7. Qxd8+ Bxd8
8. Nbd2 Bd7 9. c3 Be7 10. b4 Bd6 11. a4 O-O 12. Re1 h6 13. Bd3 Rfe8 14. Nc4 Bg4
15. b5 Nd8 16. Nxd6 cxd6 17. Nd2 d5 18. exd5 Nxd5 19. Ne4 Ne6 20. f3 Bh5 21.
Bc4 Rad8 22. Ba3 Nb6 23. Bb3 Nc8 24. Rad1 Nf4 25. Nd6 Nxd6 26. Bxd6 Bg6 27. Re3
Kh7 28. g3 Ne6 29. Rxe5 Ng5 30. Rxe8 Rxe8 31. Kf2 Nh3+ 32. Kg2 Ng5 33. h4 Re2+
34. Kf1 Rb2 35. Bd5 Nh3 36. Bc5 b6 37. Bd4 Rh2 38. Bc6 f5 39. Be3 f4 40. gxf4
Ra2 41. Bd7 Rh2 42. Rd2 Rh1+ 43. Kg2 Re1 44. f5 Bf7 45. Bxb6 axb6 46. Kxh3 Re3
47. Rd6 Rxf3+ 48. Kg2 Rxc3 49. Rxb6 Rc2+ 50. Kg3 Rc3+ 51. Kf2 Rc2+ 52. Ke3 Rc3+
53. Kd2 Ra3 54. Ra6 Rh3 55. b6 Bd5 56. Ra7 Rxh4 57. b7 Rb4 58. Bb5 Bxb7 59.
Rxb7 Rf4 60. Ke3 1-0

[Event "4NCL/Div2/SL2-SWD"]
[Site "Rd11-Birmingham"]
[Date "2000.05.01"]
[Round "11.7"]
[White "Ghasi, Ameet"]
[Black "Cast, Abigail"]
[Result "1/2-1/2"]
[WhiteElo "2032"]
[BlackElo "2133"]
[PlyCount "79"]
[EventDate "2000.05.01"]

1. Nf3 Nf6 2. d4 d5 3. Bg5 Bf5 4. Nbd2 Nbd7 5. e3 h6 6. Bh4 e6 7. Bd3 Bxd3 8.
cxd3 c5 9. dxc5 Bxc5 10. O-O O-O 11. Qe2 Re8 12. e4 dxe4 13. dxe4 Be7 14. Rac1
Rc8 15. Rfd1 Qb6 16. Nc4 Qa6 17. e5 Nd5 18. b3 Bb4 19. Bg3 N7b6 20. Qf1 Nxc4
21. Rxc4 Rxc4 22. Qxc4 Qxc4 23. bxc4 Nb6 24. Rb1 Be7 25. Nd2 Rd8 26. Bf4 Bg5
27. Bxg5 hxg5 28. c5 Rxd2 29. cxb6 a5 30. h3 Rxa2 31. Rc1 Rb2 32. Rc5 Rxb6 33.
Rxa5 Rb1+ 34. Kh2 b6 35. Ra7 b5 36. Rb7 b4 37. Kg3 b3 38. Kg4 Rb2 39. Kf3 Rb1
40. Kg4 1/2-1/2

[Event "4NCL/Div2/SL2-SWD"]
[Site "Rd11-Birmingham"]
[Date "2000.05.01"]
[Round "11.8"]
[White "Cast, Jason"]
[Black "Mashayekh, Majid"]
[Result "1/2-1/2"]
[WhiteElo "1848"]
[BlackElo "2006"]
[PlyCount "46"]
[EventDate "2000.05.01"]

1. e4 c5 2. Nf3 Nc6 3. d4 cxd4 4. Nxd4 Nf6 5. Nc3 d6 6. Be2 e6 7. Be3 a6 8. O-O
Be7 9. f4 Qc7 10. Bf3 Na5 11. Kh1 Bd7 12. Qe1 Nc4 13. Bc1 Bc6 14. b3 Nb6 15.
Bb2 O-O 16. g4 Ne8 17. g5 e5 18. Nf5 Bd8 19. fxe5 dxe5 20. Ba3 Bxg5 21. Bxf8
Kxf8 22. Qf2 Bd7 23. Bg4 Nf6 1/2-1/2

[Event "4NCL/Div2/BAR2-WES"]
[Site "Rd11-Birmingham"]
[Date "2000.05.01"]
[Round "11.1"]
[White "Rogers, Jonathan"]
[Black "Corkett, Anthony"]
[Result "1-0"]
[WhiteElo "2340"]
[BlackElo "2295"]
[PlyCount "89"]
[EventDate "2000.05.01"]

1. e4 c5 2. Nf3 Nc6 3. d4 cxd4 4. Nxd4 g6 5. c4 Bg7 6. Be3 Nf6 7. Nc3 O-O 8.
Be2 d6 9. O-O Bd7 10. Rb1 Nxd4 11. Bxd4 Bc6 12. f3 a5 13. Qd2 Nd7 14. Bxg7 Kxg7
15. b3 Qb6+ 16. Kh1 Qc5 17. Nd5 Bxd5 18. exd5 Rfe8 19. f4 Nf6 20. Bf3 b5 21.
Rbc1 bxc4 22. Rxc4 Qb5 23. Rfc1 a4 24. b4 a3 25. Qd4 Rab8 26. g3 e6 27. dxe6
Rxe6 28. Qc3 Qb6 29. Kg2 Rbe8 30. Qd4 Qb5 31. g4 Kg8 32. Bc6 Re2+ 33. Kg1 Re1+
34. Rxe1 Rxe1+ 35. Kf2 Nxg4+ 36. Kxe1 Qh5 37. Bf3 Qh4+ 38. Kd1 Nf6 39. Rc2 Kg7
40. b5 Qh3 41. Rf2 Qf5 42. Qc4 d5 43. Qb3 Qxf4 44. Qxa3 Qd4+ 45. Rd2 1-0

[Event "4NCL/Div2/BAR2-WES"]
[Site "Rd11-Birmingham"]
[Date "2000.05.01"]
[Round "11.2"]
[White "Rossiter, Philip"]
[Black "Duncan, Chris"]
[Result "1-0"]
[WhiteElo "2368"]
[BlackElo "2302"]
[PlyCount "62"]
[EventDate "2000.05.01"]

1. e4 c5 2. Nc3 Nc6 3. Bb5 Nd4 4. Nf3 Nxb5 5. Nxb5 d6 6. d4 Nf6 7. O-O cxd4 8.
Qxd4 a6 9. Nc3 Bg4 10. Nd2 Bd7 11. Nc4 Bc6 12. Bg5 b5 13. Bxf6 gxf6 14. Nb6 Rb8
15. Nbd5 Bg7 16. f4 e6 17. Nb4 Qb6 18. Nxc6 Qxc6 19. Qd3 O-O 20. f5 Qc5+ 21.
Kh1 Qe5 22. Ne2 Rbc8 23. Nd4 Rc4 24. c3 Rfc8 25. a3 a5 26. Qh3 Re8 27. Nf3 Qc5
28. Nd2 exf5 29. Rxf5 Re5 30. Nxc4 bxc4 31. Rd1 Qe3 1-0

[Event "4NCL/Div2/BAR2-WES"]
[Site "Rd11-Birmingham"]
[Date "2000.05.01"]
[Round "11.3"]
[White "Palliser, Richard"]
[Black "Yeo, Michael"]
[Result "1/2-1/2"]
[WhiteElo "2322"]
[BlackElo "2198"]
[PlyCount "52"]
[EventDate "2000.05.01"]

1. d4 d5 2. c4 dxc4 3. e4 Nc6 4. Nf3 Nf6 5. Nc3 Bg4 6. d5 Ne5 7. Bf4 Ng6 8. Be3
e5 9. Bxc4 a6 10. Be2 Bxf3 11. Bxf3 Nh4 12. O-O Nxf3+ 13. Qxf3 Bd6 14. Rac1 Qd7
15. h3 O-O 16. b3 Ne8 17. Qg4 Qe7 18. Ne2 g6 19. Bh6 Ng7 20. Bxg7 Kxg7 21. Ng3
Kh8 22. Rc3 Rg8 23. h4 Raf8 24. Qh3 h5 25. Rf3 f6 26. Re1 Qf7 1/2-1/2